00000000nam 2200000zi 4500
0019.931972
003CaOODSP
00520241119160258
006m     o  d f      
007cr |n|||||||||
008231229e197312##qucd    ob   f|0| 0 fre d
040 |aCaOODSP|bfre|erda|cCaOODSP
043 |an-cn-qu
0861 |aCW66-1474/1973F-PDF
1001 |aLemieux, Serge, |eauteur.
24510|aÉtude de la densité du Scirpus americanus sur les battures de Cap-Tourmente / |cpar Serge Lemieux.
264 1|a[Sainte-Foy, Québec] : |bService canadien de la faune, |cdécembre 1973.
300 |a1 ressource en ligne (42, [3] pages) : |bgraphiques
336 |atexte|btxt|2rdacontent/fre
337 |ainformatique|bc|2rdamedia/fre
338 |aressource en ligne|bcr|2rdacarrier/fre
500 |aÉdition numérisée de l’imprimé [par Environnement et changement climatique Canada].
504 |aComprend des références bibliographiques.
650 6|aScirpes|zQuébec (Province)|zTourmente, Cap.
650 0|aScirpus|zQuébec (Province)|zTourmente, Cap.
7102 |aService canadien de la faune, |eorganisme de publication.
85640|qPDF|s14.20 Mo|uhttps://publications.gc.ca/collections/collection_2024/eccc/cw66/CW66-1474-1973-fra.pdf